| 000 | 00940 a2200265 4500 | ||
|---|---|---|---|
| 020 | _a0939246589 | ||
| 020 | _a9780939246588 | ||
| 090 |
_c526 _d526 |
||
| 100 | 1 | _aHutchins, Greg. | |
| 245 | 1 | 0 |
_aTaking care of business / _cGreg Hutchins. |
| 260 |
_a[S.l.] : _bOliver Wight Publications, _c1995. |
||
| 300 |
_a224 p. ; _c24 cm. |
||
| 500 | _aHardcover. | ||
| 650 | 4 | _aManagement & Business: General. | |
| 650 | 4 | _aProduction & quality control management. | |
| 650 | 4 | _aBusiness / Economics / Finance. | |
| 650 | 4 | _aBUSINESS & ECONOMICS / Management. | |
| 650 | 4 | _aBusiness & Economics / Quality Control. | |
| 650 | 4 | _aManagement. | |
| 650 | 4 | _aQuality Control. | |
| 650 | 4 | _aTotal quality management. | |
| 856 | 4 | 0 |
_3Amazon.com _uhttp://www.amazon.com/exec/obidos/ASIN/0939246589/chopaconline-20 |
| 856 | 4 | 0 |
_3Amazon customer reviews _uhttp://www.chopac.org/cgi-bin/tools/azrev.pl?q=0939246589 |
| 942 |
_aNBS _cBK _k658.5 HUT |
||
| 999 |
_c343085 _d343085 |
||